Every 5,000 Yard passer in NFL history - Statistics

General Stats
  • This quiz has been taken 130 times
  • The average score is 13 of 15
Answer Stats
Year Yards Answer % Correct
2022 5,250 Patrick Mahomes
98%
2018 5,097 Patrick Mahomes
98%
2021 5,316 Tom Brady
98%
2011 5,235 Tom Brady
98%
2013 5,477 Peyton Manning
96%
2016 5,208 Drew Brees
95%
2013 5,162 Drew Brees
95%
2012 5,177 Drew Brees
95%
2011 5,476 Drew Brees
95%
2008 5,069 Drew Brees
95%
1984 5,084 Dan Marino
86%
2019 5,109 Jameis Winston
76%
2018 5,129 Ben Roethlisberger
70%
2021 5,014 Justin Herbert
69%
2011 5,038 Mathew Stafford
67%
No matching quizzes found
Score Distribution
Percent of People with Each Score
Percentile by Number Answered
Your Score History
You have not taken this quiz